Issues in Democratic Consolidation. The New South American Democracies in Comparative Perspective.

Збережено в:
Бібліографічні деталі
Інші автори: Mainwaring, Scott (Редактор), O'Donnell, Guillermo (Редактор), Valenzuela, J. Samuel (Редактор)
Формат: Книга
Мова:Англійська
Опубліковано: Notre Dame (Indiana), United States of América: Universit of Notre Dame Press, 1992.
Серія:Kellogg Institute Series on Democracy and Development.
Предмети:
Теги: Додати тег
Немає тегів, Будьте першим, хто поставить тег для цього запису!

MARC

LEADER 00000nam a22000007a 4500
003 CL-VaPUC
005 20250108085738.0
008 241211t1992 ||||| |||| 00| 0 eng d
999 |c 446253  |d 446251 
020 |a 0-268-01211-3 
040 |c Pontificia Universidad Católica de Valparaíso 
082 |2 22  |a 320.098 MAI 1992 
100 |9 894729  |a Mainwaring, Scott  |e editor 
245 |a Issues in Democratic Consolidation.  |b The New South American Democracies in Comparative Perspective. 
260 |a Notre Dame (Indiana), United States of América:  |b Universit of Notre Dame Press,   |c 1992. 
300 |a vii, 357 páginas. 
490 |a Kellogg Institute Series on Democracy and Development. 
500 |a c.1 Donación ELE. 9-09-2024. 
583 |c 20241211  |k Yessy Sthefany Diaz Vidal 
650 0 |9 255256  |a Democracia  |z América del Sur  |x Antecedentes políticos, económicos y sociales 
650 0 |a Autoritarismo  |z América del Sur  |y Siglo 20  |9 295297 
651 0 |9 260128  |a América del Sur  |x Política y gobierno  |y Siglo 20 
700 |9 894730  |a O'Donnell, Guillermo  |e editor 
700 |9 894731  |a Valenzuela, J. Samuel  |e editor 
942 |2 ddc  |c BK 
952 |0 0  |1 0  |2 ddc  |4 0  |6 320_098000000000000_MAI_1992  |7 0  |8 A  |9 598595  |a BIBGIM  |b BIBGIM  |d 2024-12-11  |e Donación  |i 5663581  |o 320.098 MAI 1992  |p 5663581  |r 2025-01-15  |t 1  |w 2024-12-11  |y BK  |k ELE